000 00681nas a2200229 4500
001 BR9205984
003 BR-BrBNA
005 20231205092858.0
007 ta
008 230509b bl.|||p| |||| 00| 00por d
040 _aBR-BrBNA
_bpor
_cBiblioteca Nacional de Agricultura
041 _a(Pt)
072 _aF62
100 1 _aCamelatto, D.
245 1 _aDormencia em fruteiras de clima temperado
246 1 _a[Dormancy in temperature climate fruits!
650 _aFRUTA DE CLIMA TEMPERADO
650 _aDORMENCIA
773 0 _tHorti Sul (Brazil)
_xISSN 0103-3700
_g(Oct 1990), v. 1(3) p. 12-17
_wBR9205984
909 _a202311
_bLúcia
_c55
_dLúcia Elande
942 _2AGRIS
_n0
_cANA
999 _c134842
_d134842